imgonnagetyouback lyrics - Statistics

General Stats
  • This quiz has been taken 10 times
    8 since last reset
  • The average score is 306 of 376
Answer Stats
Lyrics % Correct
a
100%
back
100%
get
100%
gonna
100%
hear
100%
I
100%
I,
100%
I'm
100%
the
100%
you
100%
you,
100%
an
86%
babe,
86%
bike,
86%
but
86%
come
86%
decided
86%
either
86%
face,
86%
fix
86%
goin'
86%
haven't
86%
if
86%
in
86%
it
86%
it's
86%
just
86%
love,
86%
love
86%
me
86%
me,
86%
mine
86%
never
86%
not
86%
Once
86%
one
86%
or
86%
Pick
86%
poison
86%
smash
86%
someone
86%
then
86%
to
86%
too
86%
up
86%
way
86%
We
86%
when
86%
yet,
86%
your
86%
all
71%
And
71%
and
71%
Aston
71%
be
71%
becomin'
71%
body,
71%
button,
71%
bygone,
71%
Bygones
71%
can
71%
clean
71%
coming,
71%
curse
71%
Did
71%
did
71%
end
71%
eras
71%
Even
71%
eyes
71%
fadin'
71%
feel
71%
fits
71%
friends
71%
game
71%
got
71%
gray
71%
hand
71%
handcuffed,
71%
hate
71%
here
71%
honey,
71%
house,
71%
house
71%
I'll
71%
into
71%
knew
71%
leavin'
71%
like
71%
Lilac
71%
make
71%
Martin
71%
might
71%
move
71%
my
71%
new
71%
out
71%
pieces,
71%
play
71%
price
71%
Push
71%
research,
71%
reset
71%
same
71%
Say
71%
say
71%
short
71%
skin
71%
skirt,
71%
somebody
71%
somebody,
71%
something
71%
still
71%
take
71%
tell
71%
that
71%
thing,
71%
think
71%
'til
71%
Told
71%
touch
71%
twice
71%
upper
71%
wanna
71%
wants
71%
were
71%
we're
71%
what
71%
Whether
71%
whispers
71%
wife
71%
will
71%
with
71%
at
57%
bar
57%
closet,
57%
ditch
57%
dumb
57%
funny,
57%
hid
57%
humming
57%
leave
57%
off
57%
party,
57%
pull
57%
ran
57%
something's
57%
Standin'
57%
straight
57%
broke
43%
bubbly
43%
care
43%
don't
43%
find
43%
flip
43%
script
43%
steered
43%
You'll
43%
act
29%
big
29%
Small
29%
talk,
29%
No matching quizzes found
Score Distribution
Percent of People with Each Score
Percentile by Number Answered
Your Score History
You have not taken this quiz since the last reset